000 00776nam a2200241 4500
001 45633
010 _a9789895762606
021 _b548257/25
090 _a45633
100 _a20250708d2025 k y0pory50030103ba
101 0 _apor
102 _aPT
200 1 _aPortugal na Revolução Comercial do século XVIII
_fJosé António Cortez
_gpref. Luís Valente de Oliveira
_dTrês séculos de economia portuguesa.
_eAs reformas e as Políticas Pombalinas
205 _a1.ª ed.
210 9 _aLisboa
_cGuerra & Paz,
_d2025
215 _a123, [2] p.
_d23 cm
675 _a338.24(469)"17"(091)
675 _a330.81(469)"17"(091)
675 _a339(100+469)"17"(091)
700 1 _aCortês,
_bJosé António
702 1 _aOliveira,
_bValente de,
_f1937-
_4080
801 0 _aPT
_bBN
_gRPC
990 _cLIVROS